| 000 | 00000nam##2200000za#4500 |
| 001 | 9.623500 |
| 003 | CaOODSP |
| 005 | 20220328113251 |
| 007 | ta |
| 008 | 150406|1995||||xxc||||| f|0| 0 fre|d |
| 020 | |a0-662-80531-3 |
| 040 | |aCaOODSP|bfre |
| 043 | |an-cn--- |
| 086 | 1 |aC2-280/2-1995F |
| 110 | 1 |aCanada. |bIndustrie Canada. |
| 245 | 10|aCommunications relatives aux actionnaires et sollicitation de procurations |
| 260 | |aOttawa - Ontario : |bIndustrie Canada |c1995. |
| 300 | |a55p. en pagination multiple. : |bréférences ; |c28 cm. + |equestionnaire, 9p. |
| 490 | 1 |aLa Loi canadienne sur les sociétés par actions |
| 500 | |a«La question des communications relatives aux actionnaires englobe à la fois les communications entre une société et ses actionnaires et les communications entre actionnaires.»--Sommaire. |
| 520 | 3 |aLa question des communications relatives aux actionnaires englobe à la fois les communications entre une société et ses actionnaires et les communications entre actionnaires.--Sommaire |
| 563 | |aPolycopié |
| 590 | |a95-37|b1995-09-15 |
| 691 | 07|aSociétés|2gcpds |
| 775 | 08|tShareholder communications and proxy solicitation rules|w(CaOODSP)9.612553 |
| 776 | 0#|tCommunications relatives aux actionnaires et sollicitation de procurations|w(CaOODSP)9.602250 |
| 830 | #0|aLa Loi canadienne sur les sociétés par actions.|w(CaOODSP)9.512845 |